00513nam a22001577a 450000500170000001000150001702000260003203500140005803700130007208200120008510000210009724500900011826000250020827001010023330000210033420200914151702.0 aENG-128433 c150.00a9789389604689 aEN-111965 bDBAD/PUB a320.092 aChatterjee, Amar aDirty Politics and Rotten Politicians:bPolitics and Politicians/cby Amar Chatterjee aChennaibBUUKSc2019 aJVL Plaza, 4th Floor, 501, Anna Salai Teynampet,bChennaie600 018k044-4992727mhello@buuks.com a109p.c21cm(pbk)